[Event "C.to Provinciale BI-VC"]
[Site "Santhia' ITA"]
[Date "2013.04.12"]
[Round "5"]
[White "Tala, Massimiliano"]
[Black "Penna, Tommaso"]
[WhiteElo "1891"]
[BlackElo "1936"]
[Result "0-1"]
[PlyCount "78"]
[EventDate "2013.03.08"]

1. e4 c5 2. Nc3 Nc6 3. f4 e6 4. Nf3 Nge7 5. Bb5 d5 6. O-O a6 7. Bxc6+ Nxc6 8.
e5 Be7 9. d3 O-O 10. Kh1 b5 11. Ne2 Bb7 12. Bd2 b4 13. Ng3 Qd7 14. Qe1 a5 15.
Nh5 Kh8 16. g4 d4 17. h4 c4 18. Kh2 Qd5 19. Qg3 b3 20. cxb3 cxd3 21. f5 Bb4 22.
Bg5 Rac8 23. Nxg7 Nxe5 24. Nh5 Nxf3+ 25. Rxf3 Bd6 26. Bf4 Qxf3 27. Bxd6 Rc2+
28. Kh3 Rfc8 29. Be5+ Kg8 30. Nf6+ Kf8 31. Bd6+ Kg7 32. Nh5+ Kh8 33. Be5+ f6
34. Bxf6+ Kg8 35. Qxf3 Bxf3 36. Bxd4 d2 37. Nf6+ Kf7 38. fxe6+ Kxe6 39. Nxh7
d1=Q 0-1

[Event "XLII Weekend A Aprile"]
[Site "Torino ITA"]
[Date "2013.04.23"]
[Round "2"]
[White "Pulito, Alberto"]
[Black "Llupa, Oltjon"]
[Result "1-0"]
[WhiteElo "2263"]
[BlackElo "1923"]
[PlyCount "63"]
[EventDate "2013.04.22"]

1. e4 d5 2. d4 dxe4 3. Nc3 Bf5 4. f3 exf3 5. Nxf3 e6 6. Bc4 c6 7. O-O Nd7 8.
Ng5 Qe7 9. Rxf5 exf5 10. Nxf7 Nb6 11. Bb3 Nf6 12. Bg5 h6 13. Bxf6 Qxf6 14. Qe2+
Be7 15. Nxh8 O-O-O 16. Nf7 Rxd4 17. Qe6+ Kc7 18. Qxf6 Bxf6 19. Re1 Nc4 20. Bxc4
Rxc4 21. Ne5 Rc5 22. Nd3 Rc4 23. Re2 b5 24. Nd1 Kd7 25. Kf2 Rd4 26. Ne3 g6 27.
g3 Kd6 28. b3 a5 29. Nf4 a4 30. Nxg6 axb3 31. axb3 Ke6 32. Nf4+ 1-0

[Event "XLII Weekend A Aprile"]
[Site "Torino ITA"]
[Date "2013.04.23"]
[Round "2"]
[White "Pesiri, Rossano"]
[Black "Barletta, Mauro"]
[Result "0-1"]
[WhiteElo "1952"]
[BlackElo "2213"]
[PlyCount "103"]
[EventDate "2013.04.22"]

1. d4 e6 2. c4 f5 3. Nc3 Nf6 4. g3 Be7 5. Bg2 O-O 6. Nf3 d6 7. O-O Qe8 8. Qc2
Qh5 9. e4 e5 10. Nd5 Nxd5 11. cxd5 fxe4 12. Qxe4 Bg4 13. Nd2 Nd7 14. dxe5 Nxe5
15. f4 Bf5 16. Qe1 Ng4 17. Nf3 Rae8 18. Qd1 Bf6 19. h3 Ne3 20. Bxe3 Rxe3 21. g4
Bxg4 22. hxg4 Qxg4 23. Nh2 Qg6 24. Ng4 Rg3 25. Nxf6+ Rxf6 26. Qe2 h5 27. Rf3
Rg4 28. Re1 Rgxf4 29. Rxf4 Rxf4 30. Qe6+ Kh7 31. Qxg6+ Kxg6 32. Re7 Rf7 33.
Rxf7 Kxf7 34. Kf2 g5 35. Kg3 Kf6 36. b3 Kf5 37. Bf1 Ke4 38. Be2 g4 39. Bc4 Kf5
40. Kh4 Kf4 41. Kxh5 g3 42. Bf1 Kf3 43. Kg5 g2 44. Bxg2+ Kxg2 45. Kf5 Kf3 46.
Ke6 Ke4 47. Kd7 Kxd5 48. Kxc7 b5 49. a4 bxa4 50. bxa4 Kc5 51. a5 a6 52. Kb7 0-1

[Event "XLII Weekend A Aprile"]
[Site "Torino ITA"]
[Date "2013.04.24"]
[Round "3"]
[White "Finocchiaro, Gianluca"]
[Black "Pulito, Alberto"]
[Result "0-1"]
[WhiteElo "2099"]
[BlackElo "2263"]
[PlyCount "74"]
[EventDate "2013.04.22"]

1. d4 Nf6 2. Nf3 e6 3. g3 b5 4. Bg2 Bb7 5. O-O Be7 6. a4 b4 7. c3 a5 8. cxb4
axb4 9. Nbd2 O-O 10. Qc2 c5 11. dxc5 Na6 12. Nb3 Be4 13. Qc4 Bd5 14. Qc2 Rc8
15. Be3 d6 16. Qd3 Nxc5 17. Nxc5 dxc5 18. Rfc1 c4 19. Qd1 Qa5 20. Nd4 Bxg2 21.
Kxg2 Rfd8 22. Qc2 Rxd4 23. Bxd4 Qd5+ 24. Kg1 Qxd4 25. a5 Qa7 26. Qa4 Qa6 27. e3
h5 28. Qd1 g6 29. Qd4 Nd5 30. e4 Bc5 31. Qd2 Nf6 32. Qe2 Ng4 33. b3 Bxf2+ 34.
Kg2 Bd4 35. Ra2 Ne3+ 36. Kh1 Qa8 37. Qf3 cxb3 0-1

[Event "XLII Weekend A Aprile"]
[Site "Torino ITA"]
[Date "2013.04.24"]
[Round "3"]
[White "Martini, Giorgio"]
[Black "Quirico, Paolo"]
[Result "0-1"]
[WhiteElo "1843"]
[BlackElo "2127"]
[PlyCount "60"]
[EventDate "2013.04.22"]

1. d4 Nf6 2. c4 e5 3. dxe5 Ng4 4. Bf4 Bb4+ 5. Nd2 Nc6 6. Ngf3 f6 7. exf6 Qxf6
8. e3 Qxb2 9. Be2 d6 10. O-O Nge5 11. Bxe5 dxe5 12. c5 Bxd2 13. Nxd2 Bf5 14.
Nc4 Qb4 15. Nxe5 Nxe5 16. Qd5 Qe4 17. Rfd1 Nc6 18. Qb3 Qb4 19. Qd5 Rf8 20. Rab1
Qe4 21. Qb3 Qe6 22. Bc4 Qf6 23. Qxb7 Rb8 24. Qxc6+ Qxc6 25. Rxb8+ Ke7 26. Bb5
Qxc5 27. Rb7 Bc8 28. Rb8 Qc2 29. Rf1 Ba6 30. Rxf8 Bxb5 0-1

[Event "XLII Weekend A Aprile"]
[Site "Torino ITA"]
[Date "2013.04.25"]
[Round "4"]
[White "Pulito, Alberto"]
[Black "Barletta, Mauro"]
[Result "1-0"]
[WhiteElo "2263"]
[BlackElo "2213"]
[PlyCount "135"]
[EventDate "2013.04.22"]

1. e4 e6 2. d4 d5 3. e5 Ne7 4. Nf3 b6 5. c4 Bb7 6. Nc3 Nbc6 7. Be3 Qd7 8. Rc1
dxc4 9. Bxc4 Nb4 10. O-O Nbd5 11. Bg5 Nxc3 12. bxc3 h6 13. Bd2 Nd5 14. Bd3 Ba3
15. Rb1 g5 16. c4 Nf4 17. Bxf4 gxf4 18. c5 O-O-O 19. Rb3 Qa4 20. Qe2 Rhg8 21.
Bb5 Qa5 22. c6 Ba8 23. Nd2 Rxd4 24. Nc4 Qxb5 25. Nxb6+ Qxb6 26. Rxb6 axb6 27.
Qa6+ Kb8 28. Qxa3 Bxc6 29. g3 Kb7 30. Rc1 Rgd8 31. Rxc6 Kxc6 32. Qf3+ R8d5 33.
Qh5 Rd7 34. Qxh6 f3 35. h4 Rd1+ 36. Kh2 R7d3 37. g4 Rf1 38. Kg3 Rg1+ 39. Kf4
Rg2 40. Qh7 Rd2 41. Qxf7 Rgxf2 42. Qxe6+ Kb7 43. Qc4 Rxa2 44. e6 Rfe2 45. Kxf3
Rf2+ 46. Kg3 Rg2+ 47. Kf4 Rgf2+ 48. Kg5 Ra5+ 49. Kg6 Re5 50. g5 b5 51. Qb3 Rfe2
52. Kf7 R2e3 53. Qb1 Rf3+ 54. Kg7 c6 55. Qd1 Rfe3 56. Qd7+ Kb6 57. Kf7 b4 58.
g6 b3 59. g7 Rf5+ 60. Ke7 Rg3 61. Qd8+ Kb7 62. g8=Q Rxg8 63. Qxg8 b2 64. Qg1
Rb5 65. Qb1 c5 66. Kd6 c4 67. e7 Rb6+ 68. Kd7 1-0

[Event "XLII Weekend A Aprile"]
[Site "Torino ITA"]
[Date "2013.04.25"]
[Round "5"]
[White "Quirico, Paolo"]
[Black "Pulito, Alberto"]
[Result "1/2-1/2"]
[WhiteElo "2127"]
[BlackElo "2263"]
[PlyCount "105"]
[EventDate "2013.04.22"]

1. d4 Nf6 2. Nf3 e6 3. e3 b6 4. Nbd2 Bb7 5. Bd3 d5 6. Ne5 Be7 7. f4 O-O 8. Qf3
c5 9. c3 Nbd7 10. O-O Ne8 11. Qh3 f5 12. Ndf3 Nd6 13. Nxd7 Qxd7 14. Ne5 Qe8 15.
Bd2 Ne4 16. Be1 Bf6 17. Nf3 Bc6 18. Nd2 Nxd2 19. Bxd2 Bb5 20. Bxb5 Qxb5 21. b3
a5 22. Qf3 a4 23. Qd1 Ra6 24. bxa4 Qxa4 25. Qxa4 Rxa4 26. Rfb1 Rfa8 27. Rxb6
cxd4 28. cxd4 Rxa2 29. Rb8+ Rxb8 30. Rxa2 Rb7 31. Kf2 Kf7 32. Ke2 Be7 33. Kf2
Bd6 34. Ke2 Be7 35. Kf2 g5 36. g3 gxf4 37. gxf4 Rb1 38. Kg2 Kf6 39. Kf3 Rf1+
40. Kg2 Rb1 41. Kf3 Rf1+ 42. Kg2 Rd1 43. Rb2 Kg6 44. Bb4 Bxb4 45. Rxb4 Rd2+ 46.
Kg3 Re2 47. Rb3 h6 48. h3 Kf6 49. Ra3 Ke7 50. Rc3 Kf6 51. Kf3 Rh2 52. Kg3 Re2
53. Kf3 1/2-1/2

[Event "VI Open Basso Veronese"]
[Site "Casaleone ITA"]
[Date "2013.05.17"]
[Round "1"]
[White "Belloni, Umberto"]
[Black "Beltrame, Leonardo"]
[WhiteElo "1814"]
[BlackElo "1577"]
[Result "1-0"]
[PlyCount "113"]
[EventDate "2013.05.17"]

1. d4 Nf6 2. c3 g6 3. Bg5 Bg7 4. Qc1 O-O 5. Bh6 d6 6. Bxg7 Kxg7 7. Nd2 Nbd7 8.
e4 e5 9. dxe5 Nxe5 10. Be2 Qe7 11. Qc2 Ned7 12. O-O-O Nc5 13. Bf3 Re8 14. Re1
Bf5 15. Ne2 Ncxe4 16. Nd4 d5 17. Bd1 Qd7 18. f3 Nf2 19. Nxf5+ Qxf5 20. Rxe8
Rxe8 21. Qxf5 gxf5 22. Rg1 Nxd1 23. Kxd1 c5 24. Kc2 Re3 25. Kd1 Nd7 26. Nf1 Re6
27. Kd2 f4 28. g3 fxg3 29. f4 Rg6 30. hxg3 Re6 31. Ne3 Nb6 32. b3 Re4 33. Nf5+
Kf6 34. Nd6 Re7 35. g4 Rd7 36. Ne8+ Kg6 37. g5 d4 38. c4 Nc8 39. Rh1 Kf5 40.
Rh4 Nd6 41. Ng7+ Kg6 42. Nh5 Nf5 43. Rh3 Re7 44. Nf6 Re6 45. Nd7 b6 46. Nf8+
Kg7 47. Nxe6+ fxe6 48. Kd3 Kg6 49. Ke4 a6 50. Kd3 b5 51. a4 bxa4 52. bxa4 a5
53. Rh2 Kg7 54. Re2 Ne3 55. Rxe3 dxe3 56. Kxe3 Kf7 57. Ke4 1-0

[Event "VI Open Basso Veronese"]
[Site "Casaleone ITA"]
[Date "2013.05.17"]
[Round "1"]
[White "Brunelli, Flavio"]
[Black "Bertani, Gianfranco"]
[WhiteElo "1755"]
[BlackElo "2067"]
[Result "0-1"]
[PlyCount "46"]
[EventDate "2013.05.17"]

1. e4 c5 2. Nf3 e6 3. d4 cxd4 4. Nxd4 a6 5. Bc4 Nc6 6. O-O Qc7 7. Bb3 Nf6 8.
Re1 Bd6 9. g3 O-O 10. Bg5 Nxd4 11. Bxf6 gxf6 12. Qxd4 Be5 13. Qd1 Bxb2 14. Qg4+
Kh8 15. e5 Bxa1 16. c3 fxe5 17. Nd2 f5 18. Qh4 Bxc3 19. Rc1 d5 20. Nb1 d4 21.
Nd2 e4 22. Qh6 Qg7 23. Qh4 Bxd2 0-1

[Event "VI Open Basso Veronese"]
[Site "Casaleone ITA"]
[Date "2013.05.17"]
[Round "1"]
[White "Brunelli, Giovanni"]
[Black "Pisani, Valerio"]
[WhiteElo "1968"]
[BlackElo "1721"]
[Result "1-0"]
[PlyCount "71"]
[EventDate "2013.05.17"]

1. e4 e6 2. d4 d5 3. Nc3 Nf6 4. Bd3 c5 5. exd5 cxd4 6. Bb5+ Bd7 7. Bxd7+ Qxd7
8. Qxd4 Nc6 9. Qd1 exd5 10. Nf3 O-O-O 11. O-O h6 12. Nd4 Ne4 13. Nxe4 dxe4 14.
Nxc6 Qxd1 15. Nxa7+ Kb8 16. Bf4+ Qd6 17. Bxd6+ Bxd6 18. Nb5 Be5 19. Rab1 Rd5
20. Na3 Rc8 21. c3 Ra5 22. Nc2 Rxa2 23. Nb4 Ra5 24. Rbd1 Rb5 25. g3 f5 26. Rd2
Rc7 27. Rfd1 Ka7 28. Rd8 Bf6 29. Ra1+ Kb6 30. Nd5+ Kc6 31. Nxc7 Kxc7 32. Rd2
Kc6 33. Rad1 Bg5 34. Rd6+ Kc5 35. R6d5+ Kc4 36. R1d4+ 1-0

[Event "VI Open Basso Veronese"]
[Site "Casaleone ITA"]
[Date "2013.05.17"]
[Round "1"]
[White "De Paoli, Emilio"]
[Black "Kurylovich, Alena"]
[WhiteElo "1849"]
[BlackElo "1629"]
[Result "1-0"]
[PlyCount "121"]
[EventDate "2013.05.17"]

1. e4 c5 2. Nf3 e6 3. d4 cxd4 4. Nxd4 a6 5. c4 Qc7 6. Bd3 Nc6 7. Nxc6 dxc6 8.
O-O Nf6 9. Be3 g6 10. f4 Bg7 11. e5 Nd7 12. Nd2 O-O 13. Rc1 b6 14. Ne4 f6 15.
exf6 Nxf6 16. Ng5 Bd7 17. Bd4 Nh5 18. Bxg7 Nxg7 19. Qc2 Rf6 20. c5 Raf8 21. g3
Nf5 22. Qf2 bxc5 23. Qxc5 Rb8 24. Rf2 Qb6 25. Bxf5 Qxc5 26. Rxc5 exf5 27. Rd2
Be8 28. b3 h6 29. Nf3 Kf8 30. Re5 Kf7 31. Rde2 Kf8 32. Nd4 Bd7 33. Ne6+ Bxe6
34. Rxe6 Kf7 35. Re7+ Kf8 36. R2e6 Rxe6 37. Rxe6 Kf7 38. Rxc6 Ra8 39. b4 a5 40.
b5 a4 41. b6 Rb8 42. a3 Kg7 43. Kf2 g5 44. Rc7+ Kg6 45. b7 gxf4 46. gxf4 h5 47.
Rc6+ Kf7 48. Rb6 Ke7 49. Rh6 h4 50. Rxh4 Kd6 51. Rh7 Kc6 52. h4 Kd5 53. Kf3 Kd4
54. Rd7+ Kc3 55. h5 Kb3 56. h6 Kxa3 57. h7 Kb2 58. Rg7 a3 59. Rg8 Rxb7 60.
h8=Q+ Kb3 61. Ra8 1-0

[Event "VI Open Basso Veronese"]
[Site "Casaleone ITA"]
[Date "2013.05.17"]
[Round "1"]
[White "Faccia, Sergio"]
[Black "Adami, Antonio"]
[WhiteElo "2032"]
[BlackElo "1748"]
[Result "1-0"]
[PlyCount "47"]
[EventDate "2013.05.17"]

1. e4 c5 2. b4 b6 3. bxc5 bxc5 4. Nf3 Bb7 5. Nc3 Nf6 6. Bc4 e6 7. d3 Be7 8. Rb1
Ba6 9. e5 Ng4 10. O-O Bxc4 11. dxc4 a6 12. Ne4 d5 13. exd6 Bf6 14. Nxc5 O-O 15.
Ne4 Nc6 16. h3 Nge5 17. c5 Nd7 18. Nxf6+ Qxf6 19. Be3 h6 20. Qd3 Qd8 21. Rb7 f6
22. Qe4 Nde5 23. Nxe5 Nxe5 24. f4 1-0

[Event "VI Open Basso Veronese"]
[Site "Casaleone ITA"]
[Date "2013.05.17"]
[Round "1"]
[White "Fongarolli, Diego"]
[Black "Benaddi, Redouane"]
[WhiteElo "2073"]
[BlackElo "1841"]
[Result "1-0"]
[PlyCount "75"]
[EventDate "2013.05.17"]

1. e4 b6 2. d4 Bb7 3. Bd3 Nf6 4. Qe2 e6 5. Nf3 h6 6. O-O a5 7. a3 Be7 8. e5 Nh7
9. Be3 Ng5 10. Nxg5 hxg5 11. Nd2 d5 12. f4 g4 13. f5 Kd7 14. Qxg4 Qg8 15. fxe6+
fxe6 16. Bg6 Rh4 17. Qg3 Nc6 18. Rf7 Ba6 19. Nf3 Re4 20. Ng5 Rxe3 21. Qxe3 Nxd4
22. Qxd4 Qxf7 23. Bxf7 Bc5 24. Bxe6+ Ke7 25. Qxc5+ bxc5 26. Bxd5 Rf8 27. Nf3 c4
28. b3 cxb3 29. cxb3 c5 30. Rc1 Rc8 31. Kf2 a4 32. bxa4 c4 33. Rc3 Rc5 34. Be4
Bc8 35. Ke3 Bd7 36. Kd4 Ra5 37. Rxc4 Bxa4 38. Rc7+ 1-0

[Event "VI Open Basso Veronese"]
[Site "Casaleone ITA"]
[Date "2013.05.17"]
[Round "1"]
[White "Leone, Cataldo"]
[Black "Negro, Raffaele"]
[WhiteElo "1610"]
[BlackElo "1838"]
[Result "0-1"]
[PlyCount "78"]
[EventDate "2013.05.17"]

1. e4 b6 2. d4 Bb7 3. Nc3 e6 4. a3 g6 5. Nf3 Bg7 6. Bf4 d6 7. Bb5+ Nd7 8. O-O
Ne7 9. Qd2 h6 10. Rfe1 a6 11. Bd3 g5 12. Be3 Ng6 13. h3 e5 14. d5 Nf4 15. Bf1
Nf6 16. g3 Ng6 17. Rac1 Bc8 18. Nh2 Bd7 19. Bg2 Qc8 20. g4 Nf4 21. Bxf4 gxf4
22. Nf3 Nh7 23. b4 Bf6 24. Kh2 h5 25. gxh5 Nf8 26. Ne2 Rxh5 27. Neg1 Ng6 28. c4
Be7 29. Rc3 f5 30. Qe2 fxe4 31. Qxe4 Bf5 32. Qe2 Qd7 33. Bf1 Rh7 34. Nd2 Kf7
35. f3 Rah8 36. Ne4 Bxh3 37. Nxh3 Rxh3+ 38. Kg1 Rh1+ 39. Kf2 Bh4+ 0-1

[Event "VI Open Basso Veronese"]
[Site "Casaleone ITA"]
[Date "2013.05.17"]
[Round "1"]
[White "Magnabosco, Mauro Denis"]
[Black "Beltrame, Luca"]
[WhiteElo "1782"]
[BlackElo "1458"]
[Result "1-0"]
[PlyCount "57"]
[EventDate "2013.05.17"]

1. c4 e5 2. Nc3 Nf6 3. g3 Bb4 4. Bg2 O-O 5. Nd5 Nxd5 6. cxd5 d6 7. a3 Bc5 8. d3
a6 9. Nf3 b5 10. O-O Re8 11. e4 c6 12. b4 Ba7 13. dxc6 Nxc6 14. Be3 Bxe3 15.
fxe3 h6 16. Rc1 Bb7 17. Qb3 Qb6 18. Rce1 a5 19. Nh4 Qc7 20. Bh3 Bc8 21. Bxc8
Raxc8 22. Rc1 Qa7 23. Nf5 Re6 24. d4 exd4 25. Nxd4 a4 26. Qa2 Rxe4 27. Rxc6
Rce8 28. Qd2 Rxe3 29. Rc8 1-0

[Event "VI Open Basso Veronese"]
[Site "Casaleone ITA"]
[Date "2013.05.17"]
[Round "1"]
[White "Mancin, Michele"]
[Black "Xia, Jie"]
[WhiteElo "1762"]
[BlackElo "2275"]
[Result "0-1"]
[PlyCount "44"]
[EventDate "2013.05.17"]

1. Nf3 Nf6 2. c4 g6 3. g3 Bg7 4. d4 O-O 5. Bg2 d6 6. Nc3 c6 7. O-O Nbd7 8. e4
e5 9. d5 Nc5 10. Qc2 a5 11. Be3 Nfd7 12. Nd2 f5 13. exf5 gxf5 14. Bxc5 Nxc5 15.
dxc6 bxc6 16. Bxc6 Rb8 17. Rad1 e4 18. Nb5 Be6 19. Nb3 Nd3 20. Nc1 Nb4 21. Rxd6
Nxc2 22. Rxd8 Rfxd8 0-1

[Event "VI Open Basso Veronese"]
[Site "Casaleone ITA"]
[Date "2013.05.17"]
[Round "1"]
[White "Mulone, Gaspare"]
[Black "Fiscato, Claudio"]
[WhiteElo "1566"]
[BlackElo "1793"]
[Result "0-1"]
[PlyCount "71"]
[EventDate "2013.05.17"]

1. e4 c5 2. Nf3 e6 3. c4 a6 4. Nc3 Qc7 5. d3 Nc6 6. Be3 d6 7. Be2 Nf6 8. h3 Be7
9. O-O O-O 10. Qc2 Bd7 11. Rfd1 Rac8 12. Rd2 h6 13. Rad1 Rfd8 14. a3 Be8 15. d4
cxd4 16. Nxd4 Nxd4 17. Bxd4 Nd7 18. Qb3 Nc5 19. Bxc5 dxc5 20. Rxd8 Rxd8 21.
Rxd8 Bxd8 22. Qc2 Bc6 23. Qd3 Bf6 24. Nd1 Qf4 25. Bf3 Bd4 26. b3 g5 27. Ne3
Bxe3 28. Qxe3 Qxe3 29. fxe3 Kg7 30. Kf2 Kf6 31. Ke2 Ke5 32. Kd3 a5 33. a4 b6
34. g4 f6 35. Bg2 f5 36. Bf3 0-1

[Event "VI Open Basso Veronese"]
[Site "Casaleone ITA"]
[Date "2013.05.17"]
[Round "1"]
[White "Pieropan, Giorgio"]
[Black "Zanini, Andrea"]
[WhiteElo "1913"]
[BlackElo "1669"]
[Result "0-1"]
[PlyCount "118"]
[EventDate "2013.05.17"]

1. d4 b6 2. Nc3 Bb7 3. e4 e6 4. Nf3 Bb4 5. Bd3 Nf6 6. Qe2 d5 7. e5 Ne4 8. Bd2
Nxd2 9. Qxd2 c5 10. a3 Ba5 11. Rb1 Qe7 12. O-O Nc6 13. Bb5 O-O 14. Qf4 Bxc3 15.
bxc3 c4 16. Bxc6 Bxc6 17. Qc1 Rfb8 18. Re1 a5 19. Re3 b5 20. Nd2 Rb7 21. h3
Rab8 22. Rg3 b4 23. cxb4 axb4 24. axb4 Rxb4 25. Rxb4 Rxb4 26. Ra3 h6 27. c3 Rb6
28. Ra5 Qg5 29. Qc2 Rb5 30. Ra7 Qd8 31. Qc1 Qb8 32. Ra2 Qb6 33. Qa3 Qc7 34. f4
Rb8 35. Qc5 Qc8 36. Qd6 Qe8 37. g4 Rd8 38. Qc5 Ra8 39. Ra3 Rxa3 40. Qxa3 Ba4
41. Kf2 Bc2 42. h4 Qd8 43. Kg3 g5 44. hxg5 hxg5 45. Nf3 gxf4+ 46. Kxf4 Bg6 47.
g5 Kg7 48. Nh4 Qh8 49. Nf3 Qh3 50. Qe7 Qf5+ 51. Kg3 Qd3 52. Qf6+ Kh7 53. Qf4
Qxc3 54. Kg4 Qd3 55. Nh4 c3 56. Nxg6 Qxg6 57. Qf1 Qe4+ 58. Kh5 Qg6+ 59. Kg4
Qf5+ 0-1

[Event "VI Open Basso Veronese"]
[Site "Casaleone ITA"]
[Date "2013.05.17"]
[Round "1"]
[White "Rondelli, Roberto"]
[Black "Paler, Adrian"]
[WhiteElo "1729"]
[BlackElo "1974"]
[Result "0-1"]
[PlyCount "72"]
[EventDate "2013.05.17"]

1. Nf3 g6 2. d4 Bg7 3. c4 c5 4. Nc3 cxd4 5. Nxd4 Nc6 6. Be3 Ne5 7. b3 Nf6 8.
Qc2 d6 9. h3 Bd7 10. g4 Nexg4 11. hxg4 Nxg4 12. Bg2 Nxe3 13. fxe3 Rb8 14. Rd1
O-O 15. Ne4 Qc7 16. Qd3 a6 17. Nc3 Qa5 18. Rd2 Qg5 19. Bf3 Rfd8 20. Nd5 b5 21.
cxb5 axb5 22. Nb4 Rdc8 23. Kd1 Qc5 24. Nbc2 b4 25. Qe4 e5 26. Qh4 h6 27. Qe7
Rc7 28. Ne6 Bxe6 29. Qxd6 Qc3 30. Qd3 Qb2 31. Ke1 e4 32. Bxe4 Bc3 33. Bxg6
Bxd2+ 34. Kxd2 Rd7 35. Bxf7+ Kxf7 36. Rf1+ Ke7 0-1

[Event "VI Open Basso Veronese"]
[Site "Casaleone ITA"]
[Date "2013.05.17"]
[Round "1"]
[White "Solinas, Roberto"]
[Black "Sprea, Giuseppe"]
[WhiteElo "1706"]
[BlackElo "1940"]
[Result "0-1"]
[PlyCount "92"]
[EventDate "2013.05.17"]

1. d4 Nf6 2. c4 e6 3. Nc3 Bb4 4. Qc2 O-O 5. Nf3 c5 6. a3 cxd4 7. Nxd4 Be7 8. g3
Nc6 9. e3 Qb6 10. Nce2 d6 11. Bg2 Bd7 12. O-O Rac8 13. Bd2 Ne5 14. b3 d5 15.
Rfb1 Qc7 16. Qa2 dxc4 17. bxc4 b6 18. Rc1 Nd3 19. Rc3 Nc5 20. Rc2 Ba4 21. Nb5
Qd7 22. Rb2 Nfe4 23. Bb4 a5 24. Bxc5 Nxc5 25. Nbd4 Qc7 26. Nb5 Bxb5 27. cxb5
Bf6 28. Nd4 Rfd8 29. Rc1 Bxd4 30. exd4 Rxd4 31. Rbc2 Qd6 32. a4 Rd8 33. Rc4 g6
34. h4 Rd1+ 35. Rxd1 Qxd1+ 36. Bf1 Rd2 37. Qa3 Qe1 38. Qf3 Rd1 39. Qg2 Kg7 40.
Rxc5 bxc5 41. b6 Rb1 42. b7 Qb4 43. Kh2 Qxb7 44. Qh3 Qf3 45. Bg2 Qxf2 46. h5
Qg1# 0-1

[Event "VI Open Basso Veronese"]
[Site "Casaleone ITA"]
[Date "2013.05.17"]
[Round "1"]
[White "Zanchetta, Nicola"]
[Black "Jirillo, Antonio"]
[WhiteElo "1894"]
[BlackElo "1643"]
[Result "1-0"]
[PlyCount "75"]
[EventDate "2013.05.17"]

1. e4 d5 2. exd5 Qxd5 3. Nc3 Qd6 4. g3 Nf6 5. Bg2 g6 6. Nf3 Bg7 7. O-O O-O 8.
d4 c6 9. Bf4 Qd8 10. Re1 Bg4 11. h3 Bxf3 12. Bxf3 e6 13. Ne2 Nbd7 14. c3 Nd5
15. Bd6 Re8 16. c4 Qf6 17. Bg2 Ne7 18. f4 Nf5 19. Be5 Nxe5 20. fxe5 Qd8 21. g4
Ne3 22. Qb3 Nxg2 23. Kxg2 Rb8 24. Rad1 Qg5 25. Ng3 h5 26. Ne4 Qh4 27. Qg3 Qxg3+
28. Kxg3 hxg4 29. hxg4 Re7 30. g5 b5 31. c5 b4 32. Rh1 Rd7 33. Nf6+ Bxf6 34.
gxf6 Rbd8 35. Rh4 g5 36. Rg4 Kh7 37. Rxg5 Kh6 38. Rg4 1-0

[Event "VI Open Basso Veronese"]
[Site "Casaleone ITA"]
[Date "2013.05.17"]
[Round "1"]
[White "Zanin, Luca"]
[Black "Molinaroli, Giacomo"]
[WhiteElo "1655"]
[BlackElo "1897"]
[Result "0-1"]
[PlyCount "56"]
[EventDate "2013.05.17"]

1. d4 d5 2. Nf3 Nf6 3. e3 Bg4 4. h3 Bh5 5. c4 c6 6. Qb3 b6 7. Be2 e6 8. O-O Bd6
9. Nbd2 O-O 10. Qd1 Nbd7 11. b3 Rc8 12. Bb2 Re8 13. Ne5 Bxe2 14. Qxe2 c5 15.
Nxd7 Nxd7 16. Rac1 cxd4 17. Bxd4 e5 18. Bb2 Nf6 19. cxd5 Nxd5 20. Nc4 Bb8 21.
Rfd1 e4 22. Qg4 g6 23. Qe2 Qg5 24. Qd2 Rcd8 25. Qd4 f6 26. Nd2 Be5 27. Qc4 Bxb2
28. Rb1 Qe5 0-1

[Event "VI Open Basso Veronese"]
[Site "Casaleone ITA"]
[Date "2013.05.17"]
[Round "1"]
[White "Zonta, Riccardo"]
[Black "Bonini, Roberto"]
[WhiteElo "1635"]
[BlackElo "1866"]
[Result "0-1"]
[PlyCount "142"]
[EventDate "2013.05.17"]

1. e4 c6 2. Nc3 d5 3. Nf3 Nf6 4. e5 Ne4 5. d4 Qa5 6. Bd2 Nxd2 7. Qxd2 Bf5 8.
Bd3 Bxd3 9. Qxd3 e6 10. a3 Nd7 11. O-O Be7 12. b4 Qc7 13. Rfb1 O-O 14. Ne2 b5
15. Nd2 a5 16. f4 axb4 17. axb4 Rxa1 18. Rxa1 Bxb4 19. c3 Be7 20. g3 g6 21. Kg2
Nb6 22. Nc1 Ra8 23. Qb1 Ra4 24. Nd3 Qa7 25. Rxa4 Nxa4 26. Qa1 Qa5 27. Nb1 Qb6
28. Kf3 c5 29. Ke3 cxd4+ 30. cxd4 Qc6 31. Nd2 Qc3 32. Qxc3 Nxc3 33. Nb3 Kf8 34.
Ndc5 Ke8 35. Na5 Na4 36. Nd3 Kd7 37. Nb3 Kc6 38. Kd2 Kb6 39. Kc2 Ba3 40. h3 h5
41. g4 hxg4 42. hxg4 Be7 43. g5 Ba3 44. Nf2 Kc6 45. Ng4 Kd7 46. Nh6 Ke8 47. Ng4
Bb4 48. Nf2 Nb6 49. Nd3 Bf8 50. Nb2 Nc8 51. Nd3 Kd7 52. Nf2 Ne7 53. Ng4 Nf5 54.
Nf2 Kc6 55. Nd3 b4 56. Nb2 Kb5 57. Kd3 Be7 58. Kc2 Bd8 59. Kd3 Bb6 60. Nd1 Ka4
61. Nc5+ Bxc5 62. dxc5 Kb5 63. c6 Kxc6 64. Nb2 Kb5 65. Kc2 Kc5 66. Nd3+ Kc4 67.
Nb2+ Kd4 68. Kd2 Ke4 69. Nd3 b3 70. Nc5+ Kxf4 71. Nxb3 Kxe5 0-1

[Event "VI Open Basso Veronese"]
[Site "Casaleone ITA"]
[Date "2013.05.18"]
[Round "2"]
[White "Adami, Antonio"]
[Black "Leone, Cataldo"]
[WhiteElo "1748"]
[BlackElo "1610"]
[Result "1-0"]
[PlyCount "135"]
[EventDate "2013.05.17"]

1. e4 e5 2. d4 exd4 3. Qxd4 Nc6 4. Qe3 d6 5. Nc3 Nf6 6. Bd2 Be6 7. O-O-O a6 8.
h3 Qe7 9. Nge2 O-O-O 10. Nd4 Nxd4 11. Qxd4 Nd7 12. a3 Qf6 13. Qe3 g6 14. Na4
Rg8 15. Bc3 Qe7 16. Ba5 Bg7 17. f4 Bh6 18. g3 Rde8 19. Bd3 Nb8 20. Kb1 Qd7 21.
b3 Bg7 22. e5 Nc6 23. Bb6 Qe7 24. Bd4 dxe5 25. Bc5 Qf6 26. fxe5 Qxe5 27. Qxe5
Bxe5 28. Bf2 Bd6 29. Ka2 Rd8 30. Nc3 Rge8 31. Ne4 Be7 32. g4 f5 33. gxf5 Bxf5
34. Rde1 Nd4 35. Bxd4 Rxd4 36. Re3 Bxe4 37. Bxe4 Kb8 38. Bd3 Kc8 39. Rf1 Kd7
40. Rf7 Rh4 41. Bc4 h6 42. Bd3 g5 43. Bf5+ Kd8 44. Rd3+ Bd6 45. Rd7+ Kc8 46.
R7xd6+ Kb8 47. Rd8+ Rxd8 48. Rxd8+ Ka7 49. Rd7 Kb6 50. a4 Rf4 51. Bg4 Rf8 52.
Re7 Rh8 53. Bh5 Kc6 54. Kb2 Kd6 55. Rg7 b5 56. a5 Kc6 57. Bf3+ Kd6 58. Rg6+ Ke5
59. Rxa6 h5 60. Rc6 Kf4 61. Be2 Kg3 62. Rc3+ Kf2 63. Bxb5 g4 64. hxg4 hxg4 65.
Bc6 Rb8 66. a6 Rb6 67. a7 Ra6 68. a8=Q 1-0

[Event "VI Open Basso Veronese"]
[Site "Casaleone ITA"]
[Date "2013.05.18"]
[Round "2"]
[White "Beltrame, Luca"]
[Black "Rondelli, Roberto"]
[WhiteElo "1458"]
[BlackElo "1729"]
[Result "0-1"]
[PlyCount "38"]
[EventDate "2013.05.17"]

1. d4 e6 2. Nf3 d5 3. e3 c5 4. dxc5 Nc6 5. Bb5 Bxc5 6. Ne5 Nge7 7. Qf3 O-O 8.
Nxc6 bxc6 9. Bd3 e5 10. e4 f5 11. Qe2 fxe4 12. Ba6 Rxf2 13. Qh5 Bxa6 14. Qxe5
Qf8 15. a3 Rf1+ 16. Rxf1 Qxf1+ 17. Kd2 Qe2+ 18. Kc3 d4+ 19. Kb3 Qc4# 0-1

[Event "VI Open Basso Veronese"]
[Site "Casaleone ITA"]
[Date "2013.05.18"]
[Round "2"]
[White "Benaddi, Redouane"]
[Black "Zanin, Luca"]
[WhiteElo "1841"]
[BlackElo "1655"]
[Result "0-1"]
[PlyCount "97"]
[EventDate "2013.05.17"]

1. e4 d6 2. d4 Nf6 3. Nc3 g6 4. Nf3 Bg7 5. Bd3 O-O 6. Bg5 Na6 7. a3 c5 8. d5 e6
9. Qd2 Re8 10. O-O-O Nc7 11. Bc4 a6 12. e5 dxe5 13. d6 Ncd5 14. Ne4 Nxe4 15.
Bxd8 Nxd2 16. Nxd2 Rxd8 17. Ne4 f5 18. Nxc5 Rxd6 19. Ba2 Bf8 20. Nd3 e4 21. Nc5
Nb6 22. c4 Nd7 23. Nxd7 Rxd7 24. c5 Kf7 25. b4 a5 26. Bb3 axb4 27. axb4 Ra1+
28. Kc2 Raxd1 29. Rxd1 Rxd1 30. Kxd1 Bd7 31. Bc4 Kf6 32. Kc2 Ke5 33. Kc3 f4 34.
Be2 g5 35. h3 Be8 36. Kc4 h5 37. b5 Kf5 38. f3 Ke5 39. Bd1 e3 40. Be2 Kf6 41.
b6 Bc6 42. Kb4 e5 43. Kc4 e4 44. Kd4 exf3 45. gxf3 Bd7 46. Bf1 Bxh3 47. Ba6 Bc8
48. Kd5 Bxc5 49. Kxc5 0-1